[Event "Pan American-ch U12 Girls"]
[Site "Montevideo"]
[Date "2022.06.27"]
[Round "2"]
[White "Luna Monsalve, Sofia"]
[Black "Avila Zurita, Kiara Victoria"]
[Result "1/2-1/2"]
[WhiteElo "1340"]
[BlackElo "1098"]
[PlyCount "88"]
[EventDate "2022.06.26"]
[EventType "swiss"]
[EventRounds "9"]
[EventCountry "URU"]
[SourceTitle "EXT 2023"]
[Source "ChessBase"]
[SourceDate "2022.10.05"]
[SourceVersion "1"]
[SourceVersionDate "2022.10.05"]
[SourceQuality "1"]

1. d4 Nf6 2. c4 d6 3. Nc3 g6 4. e4 c6 5. f3 Bg7 6. Be3 a5 7. Qd2 h5 8. Bd3 Nbd7 9. Nh3 Qc7 10. Nf2 a4 11. 0-0 0-0 12. Rae1 a3 13. b3 Kh7 14. f4 e5 15. fxe5 dxe5 16. d5 Qa5 17. Rb1 cxd5 18. exd5 Qd8 19. Nfe4 Nxe4 20. Nxe4 f6 21. Nc5 Nxc5 22. Bxc5 Re8 23. Rbe1 Qc7 24. Bf2 f5 25. Bg3 Bf6 26. Kh1 Qg7 27. c5 Bd7 28. d6 e4 29. Be2 Bc3 30. Qc2 Bxe1 31. Rxe1 Rf8 32. Qd1 f4 33. Bf2 f3 34. Bxf3 exf3 35. Bd4 fxg2+ 36. Kxg2 Bc6+ 37. Kg1 Qg8 38. Be3 Qd5 39. Qxd5 Bxd5 40. Bg5 Rae8 41. Rxe8 Rxe8 42. d7 Rf8 43. d8Q Rxd8 44. Bxd8 Be4 1/2-1/2

[Event "Oruro op 8th"]
[Site "Oruro"]
[Date "2022.05.08"]
[Round "7"]
[White "Avila Zurita, Kiara Victoria"]
[Black "Veliz Quispe, Cindy Rocio"]
[Result "1-0"]
[WhiteElo "1029"]
[BlackElo "1173"]
[PlyCount "107"]
[EventDate "2022.05.05"]
[EventType "swiss"]
[EventRounds "7"]
[EventCountry "BOL"]
[SourceTitle "CBM 208 Extra"]
[Source "ChessBase"]
[SourceDate "2022.07.31"]
[SourceVersion "1"]
[SourceVersionDate "2022.07.31"]
[SourceQuality "1"]

1. Nf3 d5 2. g3 Nf6 3. Bg2 Nc6 4. d3 e6 5. Nbd2 Bd6 6. e4 dxe4 7. dxe4 e5 8. 0-0 Be6 9. Ng5 Qd7 10. Nxe6 Qxe6 11. c3 Rb8 12. Nb3 h6 13. f4 exf4 14. Bxf4 Bxf4 15. Rxf4 0-0 16. Qf3 Rfe8 17. Nd4 Ne5 18. Nxe6 Nxf3+ 19. Rxf3 Rxe6 20. Re3 Rbe8 21. Rae1 b6 22. a4 a5 23. b4 Nd7 24. Rd3 Rd6 25. Rxd6 cxd6 26. Rd1 Nf6 27. Rxd6 Re6 28. Rd4 Kf8 29. bxa5 bxa5 30. c4 Re5 31. h3 Ke7 32. Kf2 Nd7 33. Rd3 Nc5 34. Ra3 Nxe4+ 35. Bxe4 Rxe4 36. Re3 Rxe3 37. Kxe3 Kd6 38. Kd4 f6 39. g4 g6 40. h4 h5 41. gxh5 gxh5 42. c5+ Kc6 43. Ke4 Kxc5 44. Kf5 Kb4 45. Kg6 f5 46. Kxh5 Kxa4 47. Kg5 Kb3 48. h5 a4 49. h6 a3 50. h7 a2 51. h8Q Kc4 52. Qb2 Kd5 53. Qxa2+ Ke4 54. Qe2+ 1-0

[Event "Oruro op 8th"]
[Site "Oruro"]
[Date "2022.05.07"]
[Round "6"]
[White "Tapia Espada, Antonio Enrique"]
[Black "Avila Zurita, Kiara Victoria"]
[Result "1-0"]
[WhiteElo "1616"]
[BlackElo "1029"]
[PlyCount "103"]
[EventDate "2022.05.05"]
[EventType "swiss"]
[EventRounds "7"]
[EventCountry "BOL"]
[SourceTitle "CBM 208 Extra"]
[Source "ChessBase"]
[SourceDate "2022.07.31"]
[SourceVersion "1"]
[SourceVersionDate "2022.07.31"]
[SourceQuality "1"]

1. d4 d6 2. c4 Nf6 3. Nc3 Nbd7 4. g3 g6 5. Bg2 Bg7 6. Nf3 c6 7. e4 e5 8. dxe5 dxe5 9. Qd6 Bf8 10. Qd3 Be7 11. Bh6 Bf8 12. Bxf8 Rxf8 13. Rd1 Qe7 14. b4 b6 15. 0-0 Bb7 16. b5 c5 17. Bh3 0-0-0 18. Qd6 Qxd6 19. Rxd6 Kc7 20. Rfd1 h6 21. R6d3 g5 22. Bxd7 Nxd7 23. Nd5+ Bxd5 24. Rxd5 f6 25. h4 g4 26. Nh2 h5 27. Nf1 f5 28. exf5 Rxf5 29. Ne3 Rf6 30. a4 Rf7 31. a5 Rff8 32. Ra1 Kb7 33. Rd6 Nf6 34. Re6 Rde8 35. Rc6 Rc8 36. axb6 axb6 37. Rxc8 Rxc8 38. Rd1 Rc7 39. Rd6 Rf7 40. Re6 Nd7 41. Rh6 Nf6 42. Nf5 Kc7 43. Ne7 Kd7 44. Nd5 Nxd5 45. cxd5 Kc7 46. Rxh5 c4 47. Rh6 Kb7 48. Rc6 Rc7 49. Kf1 c3 50. Ke2 c2 51. Kd2 Rxc6 52. dxc6+ 1-0